000 00853nam a22002177a 4500
999 _c16828
_d16828
003 AR-CdUCM
008 190506b ||||| |||| 00| 0 spa d
040 _aMUNICIPALIDAD PROVINCIAL DEL CUSCO
_cBIBLIOTECA MUNICIPAL DEL CUSCO
082 _a590 /
_bG37
100 _aGérardin, León.
_936511
245 _aLos animales :
_belementos de zoologia teórica y aplicada /
260 _aParís :
_bLibreria de la V° de ch. Bouret,
_c1927.
300 _a419 paginas ;
_bIlustraciones,
_c18 cm.
505 _aContenido : Definición del animal -- La zoología y sus aplicaciones -- Los vertebrados -- Los anélidos -- Los moluscos --Los zoofitos...
650 _aLos animales
_936512
650 _aLos moluscos
_936513
650 _aLos vertebrados
_936514
700 _aBrito, F.G.(Traducción)
_936515
942 _2ddc
_cLIBROS
945 _awnts
_d2019-05-6